| 000 | 00425nam a2200181Ia 4500 | ||
|---|---|---|---|
| 001 | 22990 | ||
| 005 | 20260414150907.0 | ||
| 008 | 260414t2007||||xx |||||||||||||| ||spa|| | ||
| 041 | _aESP | ||
| 082 |
_a624.1762 _bB82 |
||
| 100 |
_aBreventano, Stefano _eAUT |
||
| 245 | 0 |
_aTrattato del terremoto _b |
|
| 260 | _c2007 | ||
| 300 |
_ax, 286 páginas : _c25 cm. |
||
| 650 | _a0 | ||
| 654 | _aCIC | ||
| 942 |
_cLIB _dJUS _fJUS _2ddc _n |
||
| 999 |
_c22990 _d22990 |
||